Yorkshire Places A-Z - Statistics

General Stats
  • This quiz has been taken 719 times
    632 since last reset
  • The average score is 10 of 22
Answer Stats
Letter County Population Place % Correct
L West Yorkshire 750,000 Leeds
92%
B West Yorkshire 293,717 Bradford
91%
S South Yorkshire 551,800 Sheffield
89%
Y North Yorkshire 197,800 York
86%
D South Yorkshire 127,851 Doncaster
80%
H West Yorkshire 146,234 Huddersfield
72%
R South Yorkshire 117,262 Rotherham
71%
W West Yorkshire 76,886 Wakefield
69%
K East Yorkshire 256,100 Kingston upon Hull
65%
M North Yorkshire 138,400 Middlesborough
52%
P West Yorkshire 28,250 Pontefract
45%
I West Yorkshire 14,809 Ilkley
43%
C West Yorkshire 39,192 Castleford
38%
O West Yorkshire 21,076 Ossett
20%
Q West Yorkshire 8,718 Queensbury
20%
G West Yorkshire 21,000 Guiseley
18%
N West Yorkshire 20,872 Normanton
15%
T South Yorkshire 16,592 Thorne
9%
F West Yorkshire ? Farsley
7%
U North Yorkshire 980 Ulleskelf
5%
A North Yorkshire 22,215 Acomb
4%
E West Yorkshire 17,540 Eccleshill
2%
No matching quizzes found
Score Distribution
Percent of People with Each Score
Percentile by Number Answered
Your Score History
You have not taken this quiz since the last reset